[Event "Dresden Vdes op"]
[Site "Dresden"]
[Date "2000.01.29"]
[Round "6"]
[White "Haake, Helmut"]
[Black "Kreissig, Klaus"]
[Result "0-1"]
[WhiteElo "1335"]
[BlackElo "1403"]
[PlyCount "90"]
[EventDate "2000.01.26"]
[EventType "swiss"]
[EventRounds "7"]
[EventCountry "GER"]
[SourceTitle "EXT 2001"]
[Source "ChessBase"]
[SourceDate "2000.11.22"]
[SourceVersion "1"]
[SourceVersionDate "2000.11.22"]
[SourceQuality "1"]

1. e4 e5 2. Nf3 Nc6 3. Bc4 Be7 4. 0-0 Nf6 5. Nc3 0-0 6. d4 exd4 7. Nxd4 Nxd4 8. Qxd4 d6 9. Re1 Re8 10. Bg5 Ng4 11. Bxe7 Rxe7 12. h3 Ne5 13. Nd5 Re8 14. f4 Nxc4 15. Qxc4 Be6 16. Qd3 c6 17. Nc3 d5 18. exd5 Bxd5 19. Nxd5 Qxd5 20. Qxd5 cxd5 21. Rxe8+ Rxe8 22. Rd1 Rd8 23. c4 d4 24. Kf2 f5 25. g4 g6 26. g5 Kf7 27. Re1 d3 28. Ke3 Re8+ 29. Kd2 Re4 30. Rf1 Re2+ 31. Kc1 Rc2+ 32. Kb1 Rxc4 33. Rf2 Re4 34. Kc1 Ke6 35. Kd2 Rd4 36. Ke3 Kd5 37. Rd2 Re4+ 38. Kxd3 Rd4+ 39. Ke3 Rxd2 40. Kxd2 Ke4 41. Ke2 Kxf4 42. h4 Kg4 43. Ke3 f4+ 44. Ke4 f3 45. Ke3 Kg3 0-1

[Event "Dresden Vdes op"]
[Site "Dresden"]
[Date "2000.01.29"]
[Round "7"]
[White "Kreissig, Klaus"]
[Black "Wenzel, Andreas"]
[Result "1/2-1/2"]
[WhiteElo "1403"]
[BlackElo "1587"]
[PlyCount "21"]
[EventDate "2000.01.26"]
[EventType "swiss"]
[EventRounds "7"]
[EventCountry "GER"]
[SourceTitle "EXT 2001"]
[Source "ChessBase"]
[SourceDate "2000.11.22"]
[SourceVersion "1"]
[SourceVersionDate "2000.11.22"]
[SourceQuality "1"]

1. e4 e5 2. Nf3 d6 3. Bc4 Be7 4. Nc3 Nf6 5. d3 Bg4 6. Nd5 Nbd7 7. h3 Be6 8. Nxf6+ Bxf6 9. Bxe6 fxe6 10. Be3 c5 11. Ng5 1/2-1/2

[Event "Dresden Vdes op"]
[Site "Dresden"]
[Date "2000.01.28"]
[Round "4"]
[White "Neugebauer, Josef"]
[Black "Kreissig, Klaus"]
[Result "1-0"]
[WhiteElo "1754"]
[BlackElo "1403"]
[PlyCount "43"]
[EventDate "2000.01.26"]
[EventType "swiss"]
[EventRounds "7"]
[EventCountry "GER"]
[SourceTitle "EXT 2001"]
[Source "ChessBase"]
[SourceDate "2000.11.22"]
[SourceVersion "1"]
[SourceVersionDate "2000.11.22"]
[SourceQuality "1"]

1. e4 e5 2. Nf3 Nc6 3. Bc4 Be7 4. Nc3 Nf6 5. d3 d6 6. h3 0-0 7. 0-0 Na5 8. Bb3 Nxb3 9. axb3 Be6 10. Bg5 h6 11. Be3 a6 12. Nh2 Nd7 13. f4 f5 14. exf5 Rxf5 15. Ne2 Qf8 16. Qd2 Qf7 17. Ng4 Rf8 18. Ng3 exf4 19. Nxf5 fxe3 20. Nxe7+ Qxe7 21. Qxe3 Nf6 22. Rae1 1-0